|
|
|
|
| LEADER |
00000nam a22000007a 4500 |
| 005 |
2022042000560.0 |
| 007 |
cr|||| |||| |
| 008 |
220420s2021 br |||||s|||| 00||0 por d |
| 020 |
|
|
|a 978-65-5515-356-9
|
| 035 |
|
|
|a 36190
|
| 040 |
|
|
|a vLex
|
| 090 |
|
|
|c 13211
|d 13211
|
| 100 |
1 |
|
|a Ribeiro Machado Vilar, Natl̀ia
|
| 245 |
1 |
0 |
|a Comportamento litigioso
|h [Recurso electrn̤ico] /
|c Natl̀ia Ribeiro Machado Vilar
|
| 256 |
|
|
|a Servicio en ln̕ea
|
| 260 |
|
|
|a Indaiatuba:
|b Editora Foco,
|c 2021
|
| 300 |
|
|
|a 1 recurso electrn̤ico
|
| 506 |
1 |
|
|a Disponible solo en los productos indicados
|d vLex Global
|d vLex Global (Academic Edition, excluding Law Schools)
|d vLex Global (U.S. Academic Edition, Law Schools)
|d vLex Global (U.S. Academic Edition, excluding Law Schools)
|d vLex Global (Academic Edition, Law Schools)
|
| 650 |
0 |
4 |
|a Derecho Penal
|z Brasil
|
| 740 |
0 |
|
|a vLex Libros (Servicio en ln̕ea)
|
| 856 |
4 |
0 |
|u https://app.vlex.com/#/sources/36190
|z Acceso restringido
|
| 942 |
|
|
|c BOOK
|
| 999 |
0 |
|
|a Criminal law
|